| 000 | 00730nam a2200157 a 4500 | ||
|---|---|---|---|
| 001 | 000047730 | ||
| 005 | 20201002060713.0 | ||
| 008 | 180724s2015 dr 000 0 spa d | ||
| 040 |
_aDO-SdBNP _bspa _cNPHU |
||
| 082 |
_axx _bxx |
||
| 245 | 0 | 4 |
_aLas mujeres dominicanas ante la Cumbre Mundial de la Sociedad de la Información : _b(CMSI+10), eLAC 2018 y la agenda digital 2016-2020. |
| 260 |
_aSanto Domingo : _bComisión Nacional Dominicana para la UNESCO, _c2015. |
||
| 300 |
_a11 p. ; _c22 cm. |
||
| 505 | 0 |
_aCumbre mundial sobre la sociedad de la información CMSI+10 (WSIS+10) -- _tAgenda digital de América Latina y el Caribe (eLAC 18) -- _tAgenda digital de la República Dominicana 2016-2020. |
|
| 590 | _aInventariado, 2018/VM | ||
| 999 |
_c47218 _d47218 |
||